Pinnacle SSC General Studies 6500+ ebp MCQ/ (Record no. 214915)
[ view plain ]
| 000 -LEADER | |
|---|---|
| fixed length control field | 00528nam a22001817a 4500 |
| 005 - DATE AND TIME OF LATEST TRANSACTION | |
| control field | 20260226153129.0 |
| 010 ## - LCCN (DPL NO) | |
| LC control number | BACEN26 |
| 020 ## - INTERNATIONAL STANDARD BOOK NUMBER | |
| International Standard Book Number | 9789348093189 |
| Terms of availability | 680.00 |
| 037 ## - SOURCE OF ACQUISITION | |
| Source of stock number/acquisition | Vrinda |
| 082 ## - DEWEY DECIMAL CLASSIFICATION NUMBER | |
| Classification number | 000 |
| Edition number | 8 |
| 245 ## - TITLE STATEMENT | |
| Title | Pinnacle SSC General Studies 6500+ ebp MCQ/ |
| 250 ## - EDITION STATEMENT | |
| Edition statement | 8 |
| 260 ## - PUBLICATION, DISTRIBUTION, ETC. (IMPRINT) | |
| Place of publication, distribution, etc | New Delhi |
| Name of publisher, distributor, etc | Pinnacle Publications |
| Date of publication, distribution, etc | 2025 |
| 270 ## - ADDRESS | |
| Address | 24/4806, Mathur Lane Daryaganj |
| City | New Delhi |
| Postal code | 110002 |
| 300 ## - PHYSICAL DESCRIPTION | |
| Extent | 556p. |
| Dimensions | 27cm(Pb) |
| 500 ## - GENERAL NOTE | |
| General note | Chapter Wise English Medium |
| 942 ## - ADDED ENTRY ELEMENTS (KOHA) | |
| Source of classification or shelving scheme | Dewey Decimal Classification |
| Item type | English Books |
| Call number suffix | PIN |
| Classification part | 000 |
No items available.
